000 00443nam a2200181Ia 4500
005 20250423095004.0
008 250422s9999 xx 000 0 und d
020 _a0- 13- 288366- X
050 _aQA 76.73.C15 .K78/
100 _aRobert L. Kruse
245 0 _aData Structures and Program Design in C
250 _a2nd
260 _bAlan Apt
260 _c1997
300 _a671 p
650 _aComputer program Languages
942 _cBK
999 _c28903
_d28903